| 000 | 00680nam a2200229Ia 4500 | ||
|---|---|---|---|
| 003 | OSt | ||
| 005 | 20260115163939.0 | ||
| 008 | 220926b |||||||| |||| 00| 0 eng d | ||
| 020 | _a1859737676 | ||
| 037 | _cGeberal Book | ||
| 040 |
_aRTL _cRTL _beng |
||
| 041 |
_2eng _aeng |
||
| 084 |
_a Y:414, P3 _q RTL |
||
| 100 |
_a Lalander Philip _9371338 |
||
| 245 | 0 | _aHooked on heroin: drugs and drifters in a globalized world | |
| 260 |
_aOxford _bBerg _c2003 |
||
| 300 |
_axi, 201 p. _ccm. |
||
| 500 | _aBibliography P 183-187; Appendix P 171-182 | ||
| 650 |
_aSociology _9875981 |
||
| 942 |
_hY:414, P3 _cGB _2CC _n0 |
||
| 999 |
_c691549 _d691549 |
||